[Event "PRO League Group Stage"]
[Site "chess.com INT"]
[Date "2018.02.03"]
[Round "4"]
[White "Lenderman, Aleksandr"]
[Black "Nakamura, Hikaru"]
[Result "1-0"]
[WhiteTitle "GM"]
[BlackTitle "GM"]
[WhiteElo "2611"]
[BlackElo "2781"]
[WhiteTeam "Montclair Sopranos"]
[BlackTeam "Seattle Sluggers"]
[WhiteFideId "2021285"]
[BlackFideId "2016192"]
[EventDate "2018.01.18"]

1. d4 b6 2. e4 Bb7 3. Bd3 e6 4. Nf3 Nf6 5. Qe2 d5 6. e5 Nfd7 7. c3 c5 8. Be3 Be7
9. Nbd2 Qc8 10. O-O Ba6 11. Bg5 Bxd3 12. Qxd3 Qa6 13. Qe3 Nc6 14. a3 h6 15. Bxe7
Nxe7 16. Rfe1 Rc8 17. Nf1 cxd4 18. Nxd4 Nc5 19. Rad1 h5 20. h4 Ng6 21. Qg5 Kf8
22. Ng3 Rh6 23. Nxh5 Qb7 24. g3 Qe7 25. Nf4 Ne4 26. Ndxe6+ Kg8 27. Qxe7 Nxe7 28.
Ng5 Nc5 29. Nxd5 Nxd5 30. Rxd5 Re8 31. Re3 Rc6 32. c4 Rc7 33. b3 a5 34. a4 Rce7
35. Rd6 Rb8 36. e6 f5 37. h5 g6 38. hxg6 Kg7 39. Nh3 Ne4 40. Rxe4 fxe4 41. Nf4
Kf6 42. Rd4 Kf5 43. Rd5+ Kf6 44. Rb5 Reb7 45. Kf1 Rh8 46. c5 Rh1+ 47. Kg2 Rd1
48. c6 Rc7 49. Nd5+ Rxd5 50. Rxd5 Rxc6 51. g7 Rc8 52. Rd6 Kxg7 53. Rxb6 Kf6 54.
Rb5 Rc2 55. e7 e3 1-0

[Event "PRO League Group Stage"]
[Site "chess.com INT"]
[Date "2018.02.03"]
[Round "4"]
[White "Lenderman, Aleksandr"]
[Black "Gabuzyan, Hovhannes"]
[Result "1-0"]
[WhiteTitle "GM"]
[BlackTitle "GM"]
[WhiteElo "2611"]
[BlackElo "2571"]
[WhiteTeam "Montclair Sopranos"]
[BlackTeam "Rio Grande Ospreys"]
[WhiteFideId "2021285"]
[BlackFideId "13303732"]
[EventDate "2018.01.18"]

1. d4 Nf6 2. c4 g6 3. Nc3 Bg7 4. e4 d6 5. Nf3 O-O 6. Be2 Bg4 7. O-O c5 8. d5
Nbd7 9. Be3 Re8 10. h3 Bxf3 11. Bxf3 e6 12. Qd2 exd5 13. exd5 Ne5 14. Be2 a6 15.
Rfe1 Qa5 16. a3 Rab8 17. Reb1 Qc7 18. Rc1 Ned7 19. Rab1 Ne4 20. Nxe4 Rxe4 21.
Bd3 Ree8 22. b4 b6 23. Re1 Ne5 24. Bf1 cxb4 25. Rxb4 Nd7 26. Reb1 Nc5 27. h4 a5
28. Rb5 Ne4 29. Qc2 Nc3 30. Bxb6 Qe7 31. c5 Nxb1 32. Qxb1 Qxh4 33. g3 Qg4 34. c6
h5 35. c7 Rbc8 36. Rb3 h4 37. Ba6 Ra8 38. Bb7 Be5 39. Qd3 hxg3 40. fxg3 a4 41.
Rb4 Qg5 42. Bf2 Ra5 43. Rc4 Rb5 44. c8=Q Rxc8 45. Rxc8+ Kg7 46. Qxb5 Bxg3 47.
Bxg3 Qxg3+ 48. Kf1 Qf3+ 49. Ke1 Qxa3 50. Kd2 Qg3 51. Qb2+ Kh6 52. Rh8+ Kg5 53.
Qd4 a3 54. Qe3+ Qxe3+ 55. Kxe3 1-0

[Event "PRO League Group Stage"]
[Site "chess.com INT"]
[Date "2018.02.03"]
[Round "4"]
[White "Lenderman, Aleksandr"]
[Black "Dreev, Aleksey"]
[Result "1-0"]
[WhiteTitle "GM"]
[BlackTitle "GM"]
[WhiteElo "2611"]
[BlackElo "2653"]
[WhiteTeam "Montclair Sopranos"]
[BlackTeam "San Diego Surfers"]
[WhiteFideId "2021285"]
[BlackFideId "4100107"]
[EventDate "2018.01.18"]

1. d4 d5 2. c4 c6 3. Nf3 Nf6 4. Qc2 dxc4 5. Qxc4 Bg4 6. Nbd2 Nbd7 7. g3 e6 8.
Bg2 Bd6 9. O-O O-O 10. Qc2 Rc8 11. Nc4 Be7 12. Rd1 Bf5 13. Qb3 b5 14. Nce5 Be4
15. Bg5 h6 16. Nxd7 Nxd7 17. Bxe7 Qxe7 18. a4 b4 19. Qe3 Bd5 20. Ne1 Bxg2 21.
Kxg2 c5 22. dxc5 Nxc5 23. b3 Qg5 24. f4 Qe7 25. Rd4 Qb7+ 26. Nf3 f5 27. Rad1 Kh7
28. Kg1 Rc7 29. Nd2 Rfc8 30. Nc4 Ne4 31. Nd6 Nxd6 32. Rxd6 Re8 33. Rxe6 Rce7 34.
Rdd6 Qc7 35. Rxe7 Rxe7 36. Re6 Rd7 37. Kf2 Qc2 38. Re8 Rc7 39. Qe6 Qc5+ 40. Kg2
Qc6+ 41. Qxc6 Rxc6 42. Rb8 a5 43. Rb5 Kg6 44. Rd5 Rc3 45. Rd3 1-0

[Event "PRO League Group Stage"]
[Site "chess.com INT"]
[Date "2018.02.03"]
[Round "4"]
[White "Rosenthal, Nicholas"]
[Black "Chu, Ruotong"]
[Result "0-1"]
[WhiteElo "2169"]
[BlackElo "2267"]
[WhiteTeam "Miami Champions"]
[BlackTeam "Chengdu Pandas"]
[WhiteFideId "2045150"]
[BlackFideId "8605653"]
[EventDate "2018.01.18"]

1. e4 e5 2. Nf3 Nf6 3. Nc3 Bb4 4. d3 O-O 5. Bd2 Re8 6. Be2 c6 7. O-O Bf8 8. Bg5
h6 9. Bh4 d6 10. Re1 Bg4 11. d4 Nbd7 12. dxe5 dxe5 13. Nd2 Bxe2 14. Qxe2 b5 15.
Nd1 Qb6 16. Ne3 a5 17. Rad1 Re6 18. f3 Nh5 19. Bf2 Qc7 20. g3 a4 21. c3 Nhf6 22.
Kg2 Nc5 23. Nf5 Rd8 24. Nf1 Ree8 25. N1e3 g6 26. Nh4 Rxd1 27. Rxd1 Rd8 28. Kf1
Rd7 29. Nhg2 Qd8 30. Ne1 Ne8 31. Rxd7 Qxd7 32. Qd1 Qe6 33. a3 Qa2 34. Qd2 Nf6
35. Nd1 Qc4+ 36. Qe2 Qe6 37. Nc2 Nfd7 38. Nce3 Kh7 39. Kg2 Qd6 40. Nc2 Nd3 41.
Qd2 Nf4+ 0-1

[Event "PRO League Group Stage"]
[Site "chess.com INT"]
[Date "2018.02.03"]
[Round "4"]
[White "Rosenthal, Nicholas"]
[Black "Sheng, Joshua"]
[Result "1-0"]
[BlackTitle "IM"]
[WhiteElo "2169"]
[BlackElo "2392"]
[WhiteTeam "Miami Champions"]
[BlackTeam "San Diego Surfers"]
[WhiteFideId "2045150"]
[BlackFideId "2057360"]
[EventDate "2018.01.18"]

1. e4 e5 2. Nf3 Nc6 3. Bc4 Nf6 4. d3 Be7 5. O-O O-O 6. c3 d6 7. Bb3 Na5 8. Bc2
c5 9. Re1 h6 10. Nbd2 Re8 11. Nf1 Bf8 12. d4 cxd4 13. cxd4 Bg4 14. Ne3 Bxf3 15.
gxf3 Nc6 16. dxe5 dxe5 17. Bb3 Nd4 18. Nd5 Nxd5 19. Bxd5 Qf6 20. Kg2 Rac8 21.
Rg1 Rc2 22. Be3 Rxb2 23. f4 Bc5 24. f5 b6 25. Kh1 Rd8 26. Qh5 Kf8 27. Rxg7 Kxg7
28. Rg1+ Kf8 29. Bxh6+ Ke8 30. Bg5 Qg7 31. Bxd8 Qxg1+ 32. Kxg1 Ne2+ 33. Kf1 Nf4
34. Qxf7+ Kxd8 35. Qg8+ Kc7 36. Qg7+ Kd8 37. Qh8+ Kd7 38. Be6+ 1-0

[Event "PRO League Group Stage"]
[Site "chess.com INT"]
[Date "2018.02.03"]
[Round "4"]
[White "Vazquez, Guillermo"]
[Black "Shetty, Atulya"]
[Result "0-1"]
[WhiteTitle "IM"]
[BlackTitle "IM"]
[WhiteElo "2436"]
[BlackElo "2389"]
[WhiteTeam "Rio Grande Ospreys"]
[BlackTeam "Pittsburgh Pawngrabbers"]
[WhiteFideId "3702308"]
[BlackFideId "2031213"]
[EventDate "2018.01.18"]

1. d4 d5 2. c4 c6 3. cxd5 cxd5 4. Nc3 Nf6 5. Bf4 Nc6 6. e3 a6 7. Rc1 Bg4 8. f3
Bh5 9. g4 Bg6 10. h4 h6 11. Nge2 e6 12. Kf2 Bd6 13. Bxd6 Qxd6 14. Nf4 O-O 15. g5
Nh5 16. Nxh5 Bxh5 17. Ne2 Ne7 18. Nf4 Bg6 19. gxh6 gxh6 20. Rg1 Kh8 21. Qd2 Rg8
22. Be2 Nf5 23. Bd3 Qe7 24. Rh1 Bh7 25. Bxf5 Bxf5 26. Rce1 Qf6 27. Rh2 Bh7 28.
Rc1 Rac8 29. Rc3 b5 30. a3 Qe7 31. Rh1 Rc4 32. Nd3 Bxd3 33. Qxd3 Qf6 34. Qd2 Qg6
35. Ke1 Qb1+ 36. Qd1 Qxb2 37. Rxc4 bxc4 38. Qd2 Qa1+ 39. Qd1 Qxa3 40. Qd2 Rb8 0-1

[Event "PRO League Group Stage"]
[Site "chess.com INT"]
[Date "2018.02.03"]
[Round "4"]
[White "Vazquez, Guillermo"]
[Black "Ashwin, Jayaram"]
[Result "1-0"]
[WhiteTitle "IM"]
[BlackTitle "GM"]
[WhiteElo "2436"]
[BlackElo "2486"]
[WhiteTeam "Rio Grande Ospreys"]
[BlackTeam "Webster Windmills"]
[WhiteFideId "3702308"]
[BlackFideId "5018137"]
[EventDate "2018.01.18"]

1. d4 Nf6 2. c4 e6 3. Nc3 Bb4 4. Qc2 d6 5. a3 Bxc3+ 6. Qxc3 O-O 7. Bg5 Nbd7 8.
e3 b6 9. Qc2 Bb7 10. Ne2 c5 11. Rd1 Qc7 12. Nc3 cxd4 13. Rxd4 a6 14. Be2 e5 15.
Rd2 h6 16. Bh4 g5 17. Bg3 Bxg2 18. Rg1 Bh3 19. f4 exf4 20. exf4 g4 21. Bh4 Rfe8
22. Qd3 Kf8 23. Qxd6+ Qxd6 24. Rxd6 Re6 25. Rxe6 fxe6 26. Kf2 Nh5 27. Ke3 Ng7
28. Bf2 Nf5+ 29. Kd2 Rc8 30. Kc2 Nd6 31. Rd1 Ke7 32. Bh4+ Kf7 33. Rxd6 Nc5 34.
Rxb6 h5 35. Bf2 Bg2 36. Bxc5 Rxc5 37. Rxa6 Rf5 38. Ra7+ Kf8 39. Kd2 Rxf4 40. Ke3
Rf5 41. b4 Re5+ 42. Kd4 Rf5 43. Ra5 Rf2 44. Rxh5 Bf3 45. Bxf3 gxf3 46. Ne4 Ra2
47. Rh3 Rxa3 48. Nc3 Rb3 49. Rxf3+ Ke7 50. b5 Kd6 51. c5+ Kc7 52. Kc4 Rb2 53.
Rf7+ Kc8 54. c6 e5 55. Nd5 Rc2+ 56. Kb4 1-0

[Event "PRO League Group Stage"]
[Site "chess.com INT"]
[Date "2018.02.03"]
[Round "4"]
[White "Vazquez, Guillermo"]
[Black "Rohde, Michael"]
[Result "1-0"]
[WhiteTitle "IM"]
[BlackTitle "GM"]
[WhiteElo "2436"]
[BlackElo "2388"]
[WhiteTeam "Rio Grande Ospreys"]
[BlackTeam "Miami Champions"]
[WhiteFideId "3702308"]
[BlackFideId "2000172"]
[EventDate "2018.01.18"]

1. d4 Nf6 2. c4 e6 3. Nc3 Bb4 4. Qc2 c5 5. dxc5 O-O 6. Nf3 Na6 7. g3 Nxc5 8. Bg2
b6 9. O-O Bb7 10. Nb5 Be4 11. Qd1 Nb7 12. a3 Be7 13. Bf4 d6 14. b4 Nh5 15. Be3
a6 16. Nc3 Bc6 17. Qd3 Nf6 18. Rfd1 Nd7 19. Ng5 Bxg5 20. Bxc6 Ne5 21. Bxg5 Qxg5
22. Qe4 Nxc6 23. Qxc6 Qe7 24. Qxb6 Rfc8 25. Qd4 Rc6 26. Na4 h6 27. Nb2 a5 28. e4
Kf8 29. Nd3 Rac8 30. Rac1 e5 31. Qc3 Rxc4 32. Qxc4 Rxc4 33. Rxc4 axb4 34. Rc8+
Nd8 35. Nxb4 Qd7 36. Rdc1 g6 37. R1c7 Qg4 38. Rxd8+ Kg7 39. Rxd6 1-0

[Event "PRO League Group Stage"]
[Site "chess.com INT"]
[Date "2018.02.03"]
[Round "4"]
[White "Rosenthal, Nicholas"]
[Black "Ynojosa Aponte, Felix Jose"]
[Result "0-1"]
[BlackTitle "IM"]
[WhiteElo "2169"]
[BlackElo "2387"]
[WhiteTeam "Miami Champions"]
[BlackTeam "Rio Grande Ospreys"]
[WhiteFideId "2045150"]
[BlackFideId "3900258"]
[EventDate "2018.01.18"]

1. e4 c5 2. Nf3 Nc6 3. Bb5 e6 4. Bxc6 bxc6 5. d3 Ne7 6. Qe2 Ng6 7. h4 h5 8. e5
f6 9. Qe4 Kf7 10. Nbd2 Qc7 11. Nc4 Ba6 12. Bf4 Bxc4 13. dxc4 Qb7 14. O-O-O Rd8
15. Rd3 d5 16. exd6 e5 17. Bxe5 Nxe5 18. Nxe5+ fxe5 19. Qf5+ Kg8 20. d7 Rh6 21.
Rhd1 Qa6 22. Qg5 Rf6 23. Kb1 Qxc4 24. Qxe5 Rxf2 25. Ka1 Rxc2 26. Qg5 Be7 27. Qe3
Qxh4 28. Qe6+ Kh8 29. Rh3 Qg5 30. Rhh1 Rxg2 31. Rde1 Bf8 32. Qxc6 Qg4 33. a3
Rxd7 34. Qa8 Rf7 35. Rxh5+ Qxh5 36. Qxg2 Kg8 37. Qc6 Qf3 38. Qg6 Qf5 39. Qc6 g5
40. Rg1 Bg7 41. Qe8+ Rf8 42. Qe2 Rb8 43. Qc4+ Qf7 44. Qxf7+ Kxf7 45. Rxg5 Bxb2+
46. Ka2 Bd4 47. a4 Ke6 48. Ka3 Bb2+ 49. Ka2 Be5 50. a5 Kd5 51. Ka3 c4 52. Rg1 c3
53. Rd1+ Kc4 54. a6 c2 55. Rf1 Bb2+ 56. Ka2 c1=Q 57. Rd1 Qc2 58. Rd2 Qb3+ 59.
Kb1 Bc3+ 60. Rb2 Qd1+ 61. Ka2 Qa4+ 62. Kb1 Rxb2+ 63. Kc1 Rc2+ 64. Kd1 Rd2+ 65.
Kc1 Qa3+ 66. Kb1 Qb3+ 67. Kc1 Qc2# 0-1

[Event "PRO League Group Stage"]
[Site "chess.com INT"]
[Date "2018.02.03"]
[Round "4"]
[White "Bartholomew, John"]
[Black "Vazquez, Guillermo"]
[Result "1/2-1/2"]
[WhiteTitle "IM"]
[BlackTitle "IM"]
[WhiteElo "2459"]
[BlackElo "2436"]
[WhiteTeam "Minnesota Blizzard"]
[BlackTeam "Rio Grande Ospreys"]
[WhiteFideId "2019353"]
[BlackFideId "3702308"]
[EventDate "2018.01.18"]

1. d4 Nf6 2. c4 e6 3. Nf3 d5 4. Bg5 dxc4 5. Qa4+ Nbd7 6. e4 Be7 7. Nc3 O-O 8.
Qxc4 b5 9. Qxb5 Rb8 10. Qe2 c5 11. Qd2 Bb7 12. d5 exd5 13. exd5 Re8 14. Be2 Nxd5
15. Nxd5 Bxg5 16. Nxg5 Ne5 17. Nc3 Bxg2 18. O-O-O Qxd2+ 19. Kxd2 Bxh1 20. Rxh1
Rxb2+ 21. Kc1 Rb6 22. f4 Ng6 23. Bc4 Rf6 24. Nce4 Rxf4 25. Nd6 Rd8 26. Bxf7+ Kf8
27. Ne6+ Ke7 28. Nxd8 Kxd6 29. Rd1+ Ke7 30. Bxg6 hxg6 31. Nc6+ Ke6 32. Rd2 a6
33. Kb2 g5 34. Kb3 g4 35. a4 g5 36. a5 Re4 37. Rd8 Re2 38. Rh8 Kd6 39. Nb8 Re3+
40. Kb2 Re4 41. Nxa6 Ra4 42. Rh6+ Ke5 43. Nxc5 Rxa5 44. Nb3 Rd5 45. Kc3 Kf4 46.
Nd2 g3 47. hxg3+ Kxg3 48. Ne4+ Kf4 49. Nxg5 Kxg5 50. Rh8 1/2-1/2

[Event "PRO League Group Stage"]
[Site "chess.com INT"]
[Date "2018.02.03"]
[Round "4"]
[White "Bartholomew, John"]
[Black "Orlov, Georgi"]
[Result "1-0"]
[WhiteTitle "IM"]
[BlackTitle "IM"]
[WhiteElo "2459"]
[BlackElo "2481"]
[WhiteTeam "Minnesota Blizzard"]
[BlackTeam "Seattle Sluggers"]
[WhiteFideId "2019353"]
[BlackFideId "2011271"]
[EventDate "2018.01.18"]

1. d4 Nf6 2. c4 Nc6 3. Nf3 e6 4. g3 Bb4+ 5. Bd2 Qe7 6. Nc3 d5 7. cxd5 exd5 8.
Bg2 O-O 9. O-O Bg4 10. a3 Bxc3 11. Bxc3 Ne4 12. Rc1 a5 13. e3 Rfd8 14. Qb3 Ra6
15. Nd2 Nf6 16. Rfe1 Qd7 17. Bf1 Raa8 18. Qa4 Qd6 19. Qc2 Bh5 20. b4 axb4 21.
axb4 Ne7 22. b5 Nc8 23. Qb2 Qd7 24. Nb3 b6 25. Bb4 Ne4 26. Nd2 Ncd6 27. Bxd6
Nxd6 28. Qb3 Ne8 29. Bg2 Bg4 30. Ra1 Be6 31. Rec1 f6 32. Rxa8 Rxa8 33. Nb1 f5
34. Nc3 Nf6 35. Ne2 Ne4 36. Nf4 Bf7 37. Qc2 Ra7 38. Bf1 Nd6 39. Qb3 Nc4 40. Qb4
Ra5 41. Nxd5 Bxd5 42. Bxc4 Ra7 43. Qb3 Bxc4 44. Qxc4+ Kh8 45. d5 h6 46. Qc6 Qd8
47. Qe6 Qf8 48. Kg2 Kh7 49. Rc6 Kh8 50. d6 Ra8 51. dxc7 1-0

[Event "PRO League Group Stage"]
[Site "chess.com INT"]
[Date "2018.02.03"]
[Round "4"]
[White "Bartholomew, John"]
[Black "Bryant, John Daniel"]
[Result "1-0"]
[WhiteTitle "IM"]
[BlackTitle "IM"]
[WhiteElo "2459"]
[BlackElo "2437"]
[WhiteTeam "Minnesota Blizzard"]
[BlackTeam "San Diego Surfers"]
[WhiteFideId "2019353"]
[BlackFideId "2031280"]
[EventDate "2018.01.18"]

1. d4 d5 2. c4 e6 3. Nc3 Be7 4. cxd5 exd5 5. Bf4 c6 6. Qc2 Nf6 7. h3 Na6 8. a3
c5 9. Nf3 O-O 10. e3 cxd4 11. Nxd4 Nc5 12. Bd3 Bd7 13. O-O Rc8 14. Rfc1 Re8 15.
b4 Nce4 16. Qb2 Bf8 17. Nxe4 Nxe4 18. Rxc8 Bxc8 19. Rc1 Bd6 20. Bxe4 Bxf4 21.
Bxh7+ Kxh7 22. exf4 Re4 23. Qc2 Qf6 24. Nf3 Bf5 25. Ng5+ Kg6 26. Nxe4 Bxe4 27.
Qd2 d4 28. f3 Bc6 29. Rc4 Kh7 30. Rxd4 Qg6 31. Qd3 f5 32. g4 Qe8 33. Qxf5+ g6
34. Qe5 Qf7 35. Rd8 g5 36. Rh8+ Kg6 37. f5+ Qxf5 38. Qxf5+ Kg7 39. Rh7+ Kg8 40.
Qf7# 1-0

[Event "PRO League Group Stage"]
[Site "chess.com INT"]
[Date "2018.02.03"]
[Round "4"]
[White "Rosenthal, Nicholas"]
[Black "Haining, Kyle"]
[Result "1/2-1/2"]
[BlackTitle "CM"]
[WhiteElo "2169"]
[BlackElo "2148"]
[WhiteTeam "Miami Champions"]
[BlackTeam "Seattle Sluggers"]
[WhiteFideId "2045150"]
[BlackFideId "2078643"]
[EventDate "2018.01.18"]

1. e4 g6 2. d4 Bg7 3. Nf3 d6 4. Bc4 Nf6 5. Qe2 O-O 6. O-O Bg4 7. h3 Bxf3 8. Qxf3
Nc6 9. Rd1 e5 10. c3 exd4 11. cxd4 d5 12. exd5 Nb4 13. Nc3 Re8 14. Bg5 h6 15.
Bh4 c6 16. dxc6 Nxc6 17. Nd5 g5 18. Bg3 Nxd5 19. Bxd5 Qf6 20. Bxc6 bxc6 21. Qxf6
Bxf6 22. Rac1 Rad8 23. Rxc6 Bxd4 24. Kh2 f5 25. f4 Re4 26. Rxh6 gxf4 27. Bh4 Rc8
28. Rd6 Be5 29. Rd8+ Rxd8 30. Rxd8+ Kf7 31. Kg1 Re2 32. Rd7+ Ke6 33. Re7+ Kd5
34. Bf2 Rxb2 35. Rxa7 Rb1+ 36. Kh2 f3+ 37. g3 Rb2 38. Kg1 Rb1+ 39. Kh2 Rb2 40.
Ra5+ Ke4 41. Kg1 Rb1+ 42. Kh2 Rb2 43. Kg1 Rb1+ 44. Kh2 Rb2 45. Kg1 Rb1+ 46. Kh2
Rb2 1/2-1/2

[Event "PRO League Group Stage"]
[Site "chess.com INT"]
[Date "2018.02.03"]
[Round "4"]
[White "Bartholomew, John"]
[Black "Xu, Xiangyu"]
[Result "0-1"]
[WhiteTitle "IM"]
[BlackTitle "GM"]
[WhiteElo "2459"]
[BlackElo "2545"]
[WhiteTeam "Minnesota Blizzard"]
[BlackTeam "Chengdu Pandas"]
[WhiteFideId "2019353"]
[BlackFideId "8608288"]
[EventDate "2018.01.18"]

1. d4 d6 2. Nf3 g6 3. e4 Bg7 4. Bc4 Nf6 5. Qe2 O-O 6. O-O Bg4 7. e5 Ne8 8. h3
Bxf3 9. Qxf3 Nc6 10. Rd1 dxe5 11. dxe5 Nxe5 12. Qe2 Nd6 13. Bb3 Nc6 14. c3 Qd7
15. Nd2 Rad8 16. Nf3 Qc8 17. Bf4 Nf5 18. Rxd8 Rxd8 19. Ng5 e6 20. Re1 Re8 21.
Qf3 Qd8 22. g4 Nd6 23. Bxd6 Qxg5 24. Bxc7 Qc5 25. Bf4 Rd8 26. Rd1 Bf6 27. Rxd8+
Bxd8 28. Qd1 Bg5 29. Bg3 Qe7 30. Ba4 Qf6 31. Bxc6 bxc6 32. Qd6 Bh4 33. Bxh4 Qxh4
34. Kg2 h5 35. Qb8+ Kg7 36. Qxa7 e5 37. f3 hxg4 38. hxg4 Qe1 39. Qf2 Qb1 40. Qe2
f6 41. a3 c5 42. g5 fxg5 43. Qxe5+ Kh7 44. Qe2 c4 45. Qf2 Qd1 46. Qg3 Qe2+ 47.
Qf2 Qd1 48. Kg3 Qd6+ 49. Kh3 Qd1 50. Kh2 Kh6 51. Qg2 Qe1 52. a4 Qd1 53. a5 Qd6+
54. Qg3 Qd2+ 55. Qg2 Qd6+ 56. Kh3 Qd7+ 57. Qg4 Qd1 58. Qd4 Qh1+ 59. Kg3 Qe1+ 60.
Kg2 Qe2+ 61. Kg3 Qe1+ 62. Kg4 Qh4# 0-1

[Event "PRO League Group Stage"]
[Site "chess.com INT"]
[Date "2018.02.03"]
[Round "4"]
[White "Mitkov, Nikola"]
[Black "Yanayt, Eugene"]
[Result "1/2-1/2"]
[WhiteTitle "GM"]
[BlackTitle "FM"]
[WhiteElo "2461"]
[BlackElo "2203"]
[WhiteTeam "Minnesota Blizzard"]
[BlackTeam "Las Vegas Desert Rats"]
[WhiteFideId "15000290"]
[BlackFideId "2020165"]
[EventDate "2018.01.18"]

1. e4 c5 2. Nc3 g6 3. Nf3 Bg7 4. d4 cxd4 5. Nxd4 Nc6 6. Be3 Nf6 7. Bc4 O-O 8.
Bb3 d6 9. h3 Na5 10. Qd2 b6 11. Bh6 Bb7 12. Bxg7 Kxg7 13. f3 e5 14. Ndb5 Nxb3
15. axb3 d5 16. Nxd5 Nxd5 17. exd5 Bxd5 18. O-O a6 19. Rfd1 Bc6 20. Qc3 Qf6 21.
Rd6 axb5 22. Rxf6 Rxa1+ 23. Kh2 Kxf6 24. Qxc6+ Kg7 25. Qxb5 f6 26. Qxb6 Rf7 27.
c4 Rd7 28. c5 Rc1 29. b4 Rc2 30. h4 f5 31. Qe6 Rdd2 32. Qxe5+ Kf7 33. Qg3 Rxb2
34. c6 Rdc2 35. c7 Rxb4 36. Qd6 Rbc4 37. Qd7+ Kg8 38. Qe8+ Kg7 39. Qe7+ Kg8 40.
Qe8+ Kg7 41. Qe5+ Kg8 42. h5 gxh5 43. Qe6+ Kg7 44. Qe7+ Kg8 45. Qg5+ Kf8 46.
Qxf5+ Kg7 47. Qg5+ Kf8 48. Qf6+ Kg8 49. Qe6+ Kg7 50. Qe5+ Kg8 51. Qg5+ Kf8 52.
Qxh5 Rxc7 53. Qf5+ Kg7 54. Kh3 R2c5 55. Qg4+ Kf8 56. Qf4+ Kg7 57. g4 R5c6 58.
Qe5+ Kg8 59. Kh4 Rh6+ 60. Kg3 Rf7 61. g5 Rb6 62. Qd5 Rb4 63. Qd8+ Kg7 64. Qd6
Rb3 65. Qe5+ Kg8 66. Qe8+ Kg7 67. Qe5+ Kg8 68. Qd5 Rxf3+ 69. Qxf3 Rxf3+ 70. Kxf3
Kg7 71. Kg4 Kg6 72. Kh4 h6 73. gxh6 Kxh6 1/2-1/2

[Event "PRO League Group Stage"]
[Site "chess.com INT"]
[Date "2018.02.03"]
[Round "4"]
[White "Mitkov, Nikola"]
[Black "Breckenridge, Steven"]
[Result "1-0"]
[WhiteTitle "GM"]
[BlackTitle "FM"]
[WhiteElo "2461"]
[BlackElo "2312"]
[WhiteTeam "Minnesota Blizzard"]
[BlackTeam "Dallas Destiny"]
[WhiteFideId "15000290"]
[BlackFideId "2043700"]
[EventDate "2018.01.18"]

1. e4 e5 2. Bc4 Nf6 3. Nc3 Nxe4 4. Qh5 Nd6 5. Qxe5+ Be7 6. Qxg7 Bf6 7. Qg4 Nc6
8. Qe2+ Kf8 9. d3 Nf5 10. Nf3 h5 11. O-O Ncd4 12. Nxd4 Nxd4 13. Qd1 c6 14. Ne2
d5 15. Bb3 Bg4 16. f3 Qe7 17. Nxd4 Bxd4+ 18. Kh1 Be6 19. c3 Be5 20. d4 Bd6 21.
Be3 Rg8 22. Qd2 Qh4 23. f4 Re8 24. Bc2 Bh3 25. Rf2 Rxe3 26. Qxe3 Bxf4 27. Qxh3
Qxf2 28. Bd3 Rg4 29. Rf1 Qxb2 30. g3 Be3 31. Qxh5 Rg7 32. Qh8+ Rg8 33. Qf6 1-0

[Event "PRO League Group Stage"]
[Site "chess.com INT"]
[Date "2018.02.03"]
[Round "4"]
[White "Mitkov, Nikola"]
[Black "Ravuri, Vinesh"]
[Result "0-1"]
[WhiteTitle "GM"]
[WhiteElo "2461"]
[BlackElo "1990"]
[WhiteTeam "Minnesota Blizzard"]
[BlackTeam "San Jose Hackers"]
[WhiteFideId "15000290"]
[BlackFideId "45042632"]
[EventDate "2018.01.18"]

1. e4 e5 2. Bc4 Nf6 3. Nc3 Nc6 4. d3 Na5 5. Nge2 Nxc4 6. dxc4 Be7 7. O-O d6 8.
b3 O-O 9. h3 Be6 10. f4 exf4 11. Nxf4 c6 12. a4 Qc7 13. Be3 Rad8 14. Bd4 Nd7 15.
Nxe6 fxe6 16. Qg4 Bf6 17. Qxe6+ Kh8 18. Bxf6 Nxf6 19. Rad1 Qa5 20. Rf3 Qc5+ 21.
Kh1 Nh5 22. Rxf8+ Rxf8 23. Qxd6 Rf1+ 24. Rxf1 Qxd6 25. Rd1 Qe7 26. Rd3 h6 27.
Kg1 Nf4 28. Rg3 Qc5+ 29. Kf1 Qe5 30. Rf3 Ne6 31. Ke1 Nd4 32. Rf2 Qg3 33. Nd1
Nxc2+ 34. Kd2 Nd4 35. b4 Qa3 36. Ne3 Qxb4+ 37. Kd3 Ne6 38. Nf5 Qb1+ 39. Ke3 Qb6+
40. Kf3 Nd4+ 41. Kg4 Nxf5 42. Rxf5 Qd4 43. Kf4 g5+ 44. Kf3 Qd3+ 45. Kf2 Qxe4 46.
Rf8+ Kg7 47. Ra8 Qxc4 48. Kg1 Qxa4 49. Rb8 Qd4+ 50. Kh1 Qd1+ 51. Kh2 Qd6+ 0-1

[Event "PRO League Group Stage"]
[Site "chess.com INT"]
[Date "2018.02.03"]
[Round "4"]
[White "Grabinsky, Aaron"]
[Black "Ynojosa Aponte, Felix Jose"]
[Result "1/2-1/2"]
[BlackTitle "IM"]
[WhiteElo "2359"]
[BlackElo "2387"]
[WhiteTeam "Webster Windmills"]
[BlackTeam "Rio Grande Ospreys"]
[WhiteFideId "2087090"]
[BlackFideId "3900258"]
[EventDate "2018.01.18"]

1. d4 Nf6 2. Bf4 e6 3. e3 c5 4. Nd2 Nc6 5. c3 d5 6. Ngf3 Nh5 7. Bg5 Qb6 8. Qb3
h6 9. Bh4 g5 10. Bg3 c4 11. Qxb6 axb6 12. a3 b5 13. Rc1 f5 14. Be2 Nxg3 15. hxg3
Bg7 16. Ng1 Ke7 17. Bd1 Bd7 18. Bc2 Kd6 19. Ne2 h5 20. f3 e5 21. dxe5+ Bxe5 22.
Kf2 Rae8 23. Rcd1 Kc7 24. f4 Bf6 25. Nf3 g4 26. Nh4 Ne7 27. Nd4 Bxd4 28. exd4
Ref8 29. Rde1 Rh7 30. Re5 Rff7 31. Rhe1 Kd6 32. R1e3 Rh6 33. Ke2 Rhh7 34. Kd2
Rh6 35. Kc1 Rhh7 36. Kb1 Rh6 37. Ka2 Rhh7 38. Re1 Rh6 39. b3 Rhf6 40. Kb2 Nc6
41. a4 Ne7 42. axb5 Bxb5 43. Rxe7 Rxe7 44. Nxf5+ Rxf5 45. Rxe7 Kxe7 46. Bxf5
cxb3 47. Bg6 h4 48. gxh4 Kf6 49. Bh5 g3 50. Bf3 Bc4 51. h5 Kf5 52. Bd1 Kxf4 53.
h6 Bd3 54. Bxb3 Kg5 55. Bxd5 b6 56. c4 Kxh6 57. Kc3 Bf1 58. c5 bxc5 59. dxc5 Kg7
60. Kd4 Kf6 61. c6 Ke7 62. Ke5 Ba6 63. Bf3 Bc8 64. Kf4 Kd6 65. Kxg3 Ke5 66. Kf2
Kf4 67. g3+ Ke5 68. Ke3 Kf5 69. g4+ Ke5 70. Kf2 Kf4 71. Kg2 Ba6 72. Kf2 Bc8 73.
Be2 Ke5 74. Ke3 Kd6 75. Bf3 Bxg4 76. c7 Kxc7 1/2-1/2

[Event "PRO League Group Stage"]
[Site "chess.com INT"]
[Date "2018.02.03"]
[Round "4"]
[White "Grabinsky, Aaron"]
[Black "Haining, Kyle"]
[Result "1-0"]
[BlackTitle "CM"]
[WhiteElo "2359"]
[BlackElo "2148"]
[WhiteTeam "Webster Windmills"]
[BlackTeam "Seattle Sluggers"]
[WhiteFideId "2087090"]
[BlackFideId "2078643"]
[EventDate "2018.01.18"]

1. d4 g6 2. Bf4 Bg7 3. e3 Nf6 4. Nf3 O-O 5. Be2 d5 6. c3 c5 7. Nbd2 Nc6 8. dxc5
a5 9. a4 Re8 10. Bb5 Nh5 11. Bg5 Qc7 12. Nb3 e5 13. Qxd5 Be6 14. Qd1 f6 15. Bh4
Rad8 16. Qc2 Qf7 17. Bxc6 bxc6 18. Nxa5 Qc7 19. b4 g5 20. Bg3 g4 21. Nh4 Qc8 22.
e4 Bh6 23. O-O Rd2 24. Qb1 Red8 25. Nf5 Bxf5 26. exf5 Nf4 27. Bxf4 Bxf4 28. Qe4
R8d3 29. Nxc6 Qf8 30. g3 Qh6 31. a5 Bxg3 32. Qxg4+ Kh8 33. hxg3 e4 34. a6 e3 35.
a7 exf2+ 36. Kg2 Rd8 37. Nxd8 Rxd8 38. a8=Q 1-0